Statistiques concernant Départements limitrophes de la Haute-Saône

Cliquez ici pour prendre le quiz!

Statistiques générales

  • Ce quiz a été pris 33 fois
  • Le résultat moyen est 5 sur 6

Statistiques - réponses

Département% Correct
Doubs
97%
Territoire de Belfort
93%
Jura
90%
Vosges
83%
Côte-d'Or
79%
Haute-Marne
55%

Distribution des résultats

Percentile par nombre de réponses

% des personnes avec chaque résultat

Votre développement - résultats

Vous n’avez pas pris ce quiz